00229nam a2200085Ia 450000100070000000500170000700800410002424500520006526000260011770952620250826162548.0250824s9999 xx 000 0 und d 0aTONTON DEDEMİN DOĞUM GÜNÜcAYTÜL AKAL bUÇANBALIK YAYINLARI